[Event "CZE-ch Open 2018"]
[Site "Ostrava"]
[Date "2018.04.28"]
[Round "1"]
[White "Svatos, Jan"]
[Black "Malinovsky, Karel"]
[Result "0-1"]
[WhiteElo "2272"]
[BlackElo "2481"]
[Annotator "TA"]
[PlyCount "84"]
[EventDate "2018.??.??"]
[EventCountry "CZE"]
[SourceTitle "playchess.com"]
[Source "ChessBase"]
[SourceQuality "1"]

{[%evp 17,84,-27,-30,-41,-10,-16,-9,-12,-8,-19,-24,-23,-17,-64,0,0,0,0,-4,-3,-5,-7,-8,-37,-31,-25,-1,-14,-7,-10,-9,-35,-35,-35,-35,-34,-41,-58,-60,-82,-77,-116,-99,-108,-110,-195,-152,-150,-175,-304,-282,-303,-311,-309,-304,-283,-288,-270,-215,-317,-317,-344,-317,-1283,-1355,-1068,-1008,-1000,-992]} 1. e4 e5 2. Nf3 Nc6 3. Bb5 a6 4. Bxc6 dxc6 5. O-O Ne7 6. d4 exd4 7. Qxd4 Qxd4 8. Nxd4 Bd7 9. Nc3 O-O-O {LiveBook: 5 Games} 10. Bf4 {C68: Ruy Lopez: Exchange Variation, sidelines} (10. Be3) 10... f5 $146 ({Predecessor:} 10... Ng6 11. Bg5 f6 12. Be3 Ne5 13. Rad1 Bb4 14. Nde2 Rhe8 15. a3 Bf8 16. Ng3 b6 {0-1 (37) Hofmann,H (1583)-Kielstein,H (1898) Leipzig 2004}) 11. Rad1 fxe4 12. Nxe4 {The position is equal.} Nd5 13. Bc1 Re8 14. Rfe1 g6 15. Kf1 Bg7 (15... c5 $1 $15 16. Nf3 Bb5+ 17. Kg1 Nb4) 16. Nc5 $11 Rxe1+ 17. Kxe1 Re8+ 18. Kf1 Bxd4 19. Rxd4 Bf5 20. c3 Bb1 21. a3 a5 22. Nd3 b6 23. Nf4 Ba2 24. Nxd5 (24. h4 {is more complex.} Nf6 25. f3 Bb3 26. Kf2 c5 27. Rd3) 24... cxd5 {[%mdl 4096] Endgame KRB-KRB} 25. Be3 c5 26. Rd2 Kd7 27. h3 Kc6 28. Kg1 Kb5 29. g4 Kc4 30. Kg2 Bb1 31. Rd1 (31. Kg3 $17 {might work better.}) 31... Be4+ 32. Kg3 Kb3 33. Re1 (33. Rd2 {keeps fighting.}) 33... Bc2 $19 ({Weaker is} 33... Kxb2 34. f3 $15) 34. Re2 d4 35. cxd4 cxd4 36. Rxc2 Kxc2 37. Bxd4 {KR-KB} b5 38. Bc3 (38. f4 $142) 38... a4 39. Kf4 Re2 40. f3 $2 {[#]} (40. Kf3 Kd3 41. Bd4) 40... Kb3 {Black is clearly winning.} 41. Kg5 Rxb2 42. Bb4 Kc4 {Precision: White = 33%, Black = 83%.} 0-1

[Event "CZE-ch Open 2018"]
[Site "Ostrava"]
[Date "2018.04.28"]
[Round "1"]
[White "Jurek, Josef"]
[Black "Haba, Petr"]
[Result "1/2-1/2"]
[WhiteElo "2264"]
[BlackElo "2454"]
[Annotator "TA"]
[PlyCount "46"]
[EventDate "2018.??.??"]
[EventCountry "CZE"]
[SourceTitle "playchess.com"]
[Source "ChessBase"]
[SourceQuality "1"]

{[%evp 14,46,25,17,20,7,7,-16,9,8,2,-87,-84,-64,-4,-4,-4,-6,-4,-4,-7,-9,-16,-13,-9,-16,-15,-8,0,0,0,0,0,0,0]} 1. Nf3 d5 2. d4 Nf6 3. c4 c6 4. Qb3 e6 5. Bg5 h6 6. Bxf6 Qxf6 7. Nc3 Nd7 8. Rd1 {LiveBook: 8 Games. D43: Semi-Slav: 5 Bg5 h6} (8. e4 dxe4 9. Nxe4 Qf4 10. Bd3 e5 11. O-O Be7 12. Rae1 exd4 13. Bb1 O-O 14. Ng3 Bd8 15. Qd3 g6 16. h4 Nf6 17. h5 g5 18. Ne5 {1-0 (30) Aronian,L (2802)-Ding,L (2771) Tbilisi 2017}) 8... Be7 9. e3 $146 ({Predecessor:} 9. g3 O-O 10. Bg2 dxc4 11. Qxc4 e5 12. e3 Nb6 13. Qe2 exd4 14. Nxd4 Be6 15. Nxe6 Qxe6 {½-½ (71) Kacheishvili,G (2587)-Amanov,M (2479) Mesa 2010}) 9... O-O 10. Be2 dxc4 11. Bxc4 e5 12. d5 (12. O-O $11 {remains equal.}) 12... Nc5 $17 13. Qc2 b5 (13... Bf5 $15 14. e4 Bh3) 14. Be2 $1 $11 {The position is equal.} b4 (14... Bf5 $5 15. e4 $8 Bd7 $11) 15. Ne4 Nxe4 $1 16. Qxe4 {Threatens to win with d6.} cxd5 17. Qxe5 ({Of course not} 17. Rxd5 Bb7 $17) 17... Qxe5 18. Nxe5 Bf6 19. f4 Bxe5 20. fxe5 Re8 21. Bf3 Rxe5 22. Bxd5 Rb8 23. O-O Be6 {Precision: White = 29%, Black = 67%.} 1/2-1/2

[Event "CZE-ch Open 2018"]
[Site "Ostrava"]
[Date "2018.04.28"]
[Round "1"]
[White "Vybiral, Zdenek"]
[Black "Biolek, Richard Jr"]
[Result "0-1"]
[WhiteElo "2261"]
[BlackElo "2447"]
[Annotator "TA"]
[PlyCount "66"]
[EventDate "2018.??.??"]
[EventCountry "CZE"]
[SourceTitle "playchess.com"]
[Source "ChessBase"]
[SourceQuality "1"]

{[%evp 14,66,7,2,12,7,15,-13,-15,-28,-27,-25,0,-15,0,0,0,-70,0,-19,-11,-11,-7,-254,-252,-252,-248,-310,-299,-372,-350,-410,-422,-619,-470,-463,-448,-541,-530,-495,0,-486,-418,-496,-462,-603,-600,-685,-577,-568,-566,-732,-707,-5247,-626]} 1. d4 Nf6 2. Bg5 e6 3. e4 h6 4. Bxf6 Qxf6 5. c3 d5 (5... d6 6. Bd3 g6 7. Ne2 Bg7 8. O-O O-O 9. f4 Qe7 10. e5 b6 11. Nd2 Bb7 12. Be4 Bxe4 13. Nxe4 Rd8 14. Qe1 {0-1 (62) Moiseenko,A (2667)-Wang,Y (2690) Riadh 2017}) 6. Nd2 {A45: Trompowsky Attack} c5 7. Ngf3 cxd4 8. Nxd4 {LiveBook: 14 Games. The position is equal.} Nc6 9. exd5 Qe5+ $146 ({Predecessor:} 9... exd5 10. Bb5 Be7 11. O-O O-O 12. Re1 Nxd4 13. cxd4 {½-½ (21) Zadruzny,N (2306)-De Verdier,M (2253) Sweden 2008}) 10. Be2 Nxd4 11. cxd4 Qxd5 12. O-O Qxd4 13. Qb3 {And now Bb5+ would win.} Qxd2 ({Better is} 13... Be7 $11 14. Nf3 Qb6) 14. Bb5+ $1 $15 Ke7 $1 {[%cal Be8e7,Be7f6,Bf6g6,Bg6h7][%mdl 32]} ({Wrong is} 14... Bd7 $2 15. Rfd1 $18) 15. Rfd1 Qf4 ({Black should try} 15... Qa5 $1 $15 16. Rac1 Kf6 17. Qf3+ Kg6) 16. Rac1 Kf6 {Strongly threatening ...Bd6.} 17. Rc4 Qe5 {Hoping for ...g5.} 18. Qf3+ $2 (18. f4 $1 $11 {and White stays safe.} Bc5+ 19. Kh1) 18... Kg6 $1 $19 ({Avoid the trap} 18... Qf5 $2 19. Rf4 $18) 19. Be8 {[#]} Kh7 $1 20. Qxf7 {[#] Intending Qg6+ and mate.} Qf5 $1 21. Qc7 {[#] aiming for Ba4.} Bd6 $1 {[%mdl 512]} 22. Bg6+ (22. Qxd6 Rxe8) 22... Qxg6 23. Rxd6 (23. Qxd6 $142 b6 24. h3) 23... Qb1+ 24. Rc1 Qxb2 25. Rc2 Qb1+ 26. Rc1 Qb2 27. Rc2 $1 {[%cal Rc2b2]} Qf6 28. h4 Rf8 {Black is clearly winning.} 29. g3 b6 30. Re2 Qf3 31. Qc2+ Qf5 32. Qd2 Bb7 33. Rexe6 Qf3 0-1

[Event "CZE-ch Open 2018"]
[Site "Ostrava"]
[Date "2018.04.28"]
[Round "1"]
[White "Toman, Jaroslav"]
[Black "Kraus, Tomas"]
[Result "0-1"]
[WhiteElo "2233"]
[BlackElo "2429"]
[Annotator "TA RC"]
[PlyCount "196"]
[EventDate "2018.??.??"]
[EventCountry "CZE"]
[SourceTitle "playchess.com"]
[Source "ChessBase"]
[SourceQuality "1"]

{[%evp 11,196,10,10,14,11,10,10,6,6,-2,0,-25,-13,-25,-24,-51,0,2,-6,-8,-20,-3,-8,-37,0,-16,-12,-23,-31,-15,0,0,0,0,0,-16,-10,-11,-4,-5,30,40,34,34,35,-85,-88,-80,-87,-76,-70,-69,-49,-106,-106,-109,-97,-104,-94,-94,-94,-94,-94,-106,-94,-102,-94,-94,0,-101,-101,-101,-87,-89,-80,-90,-34,-60,-34,-60,-60,-60,-50,-60,0,-60,-50,-50,-50,-60,-50,-60,-56,-60,-38,-38,-43,-44,-34,-53,-53,-60,-53,-60,-60,-60,-34,-59,-60,-60,-34,-60,0,-59,0,-60,-34,-60,-36,-59,-34,-59,-59,-60,-61,-61,-61,-115,-122,-125,-49,-50,-52,-92,-67,-83,-37,-83,-59,-61,-59,-142,-142,-142,-142,-142,-142,-158,-156,-190,-190,-183,-142,-191,-128,-174,-128,-128,-128,-1022,-246,-1083,-1114,-977,-752,-29973,-29974,-29970,-29971,-29976,-29977,-29982,-29983,-29983,-29981,-29982,-29983,-29992,-29993,-29993,-29994,-29994,-29995,-29995,-29995,-29996,-29996]} 1. d4 Nf6 2. Nf3 e6 3. g3 c5 4. Bg2 cxd4 5. Nxd4 d5 6. O-O e5 7. Nb5 {D02: 1 d4 d5 2 Nf3 sidelines, including 2...Nf6 3 g3 and 2...Nf6 3 Bf4} (7. Nb3 Be6 8. Bg5 Nbd7 9. e4 dxe4 10. Bxe4 Qc7 11. Bg2 Be7 12. Nc3 O-O 13. Re1 Rad8 14. Qe2 h6 15. Bxf6 Bxf6 {½-½ (107) Caruana,F (2802)-Nakamura,H (2786) chess.com INT 2017}) 7... a6 8. N5c3 {[%cal Rc3d5]} d4 9. Ne4 {The position is equal.} Be7 10. Nxf6+ $146 ({Predecessor:} 10. e3 O-O 11. exd4 exd4 12. c3 d3 13. Nxf6+ Bxf6 14. Be4 Re8 15. Bxd3 {0-1 (31) Mamedjarova,Z (2318)-Cheparinov,I (2632) Hoogeveen 2006}) 10... Bxf6 11. c3 O-O 12. cxd4 exd4 13. Qb3 Ra7 (13... Re8 $15) 14. Nd2 $11 {[%cal Bb1d2,Bd2e4,Be4c5][%mdl 32]} Be6 15. Qf3 Nc6 16. Ne4 Be7 17. Qh5 h6 18. Nc5 Qa5 19. Bxc6 $1 bxc6 {[#]} 20. b4 $1 {[%cal Rb4a5][%mdl 512]} Qb5 (20... Qxb4 21. Nxe6) 21. a4 Qc4 22. Bd2 Qc2 23. Rfd1 Bd5 24. Rac1 Qh7 25. Qg4 $132 {[%mdl 2048] White is not keeping still} Re8 26. Qxd4 Bxc5 27. Rxc5 ({Reject} 27. Qxc5 Rae7 $17) 27... Rae7 28. Rxd5 (28. b5 $14 {keeps the upper hand.} axb5 29. axb5) 28... cxd5 $17 29. Be3 Qc2 30. b5 Re4 (30... axb5 {is interesting.} 31. axb5 Qxe2 32. b6 Rd8 33. Rd3 Qf3) 31. Qxd5 Qxa4 (31... Qxe2 {looks sharper.} 32. Qd7 axb5 33. axb5 R8e5 34. b6 Rxe3 35. fxe3 Qxe3+ 36. Kg2 Qxb6 37. Qd8+ Qxd8 38. Rxd8+ Kh7) 32. bxa6 (32. b6 $15) 32... Qxa6 33. Qd3 Qxd3 (33... Rc4 {is interesting.} 34. h4 Qc8 35. Bd4 Qe6 36. Be3 Rb4) 34. Rxd3 {[%mdl 4096] Endgame KRR-KRB} Kh7 35. h4 Kg6 36. Rd5 R4e5 37. Rd7 R8e7 38. Rd6+ R5e6 39. Rd5 Re5 40. Rd6+ $1 f6 41. Kg2 Kh5 42. Rd8 Rb5 43. Kf3 f5 (43... Reb7 $17 44. Bf4 Rb3+ 45. e3 R3b5) 44. Rh8 Rf7 45. Kg2 Rb2 46. Kf3 $1 Rb3 47. Kg2 Rb2 48. Kf3 $1 Rc2 49. Rg8 Rc3 50. Kg2 Rc4 51. Rh8 Rc2 52. Kf3 $1 Rfc7 53. Rf8 Kg6 54. Rd8 R2c6 55. Rb8 Rd7 56. Ra8 Re6 57. Rf8 Ra6 58. Rb8 Rf7 59. Rb4 Kh5 60. Rb8 Rc6 61. Rg8 Rc3 62. Kg2 $1 Rb3 63. Rh8 Rfb7 64. Rg8 Kg6 65. Rc8 Re7 66. Rf8 Rc3 67. h5+ Kxh5 68. Rxf5+ Kg6 69. Rf8 ({White should try} 69. Rb5 $15) 69... Rc2 70. Kf3 Rf7+ ({Better is} 70... Kh7 $17 71. Rf5 Ra2) 71. Rxf7 $15 Kxf7 {KR-KB} 72. Bd4 Rc4 73. e3 Rc2 74. e4 h5 75. Kf4 Rc4 76. Be5 {[#]} (76. Bb6 $15) 76... Rc5 $1 $17 77. Bd4 g5+ 78. Kf3 Rc4 79. Ke3 Rb4 80. Be5 Rb3+ 81. Ke2 Ke6 82. Bg7 Rb1 (82... h4 $19 {White must now prevent ...h3.} 83. gxh4 gxh4) 83. Kf3 Rg1 84. Bh6 Kf6 85. e5+ $2 {[%mdl 8192]} (85. Ke2 $17) 85... Kf5 $19 86. e6 $2 (86. Ke3) 86... g4+ 87. Ke2 Kxe6 88. Bg5 Kf5 {Black mates.} 89. Bh4 Ke4 90. Bg5 Ra1 91. Be3 Ra2+ 92. Ke1 Kf3 93. Bd4 Re2+ 94. Kf1 Rd2 {[%cal Rd2d1]} 95. Bc3 Rd1+ 96. Be1 Ra1 97. Kg1 Rxe1+ 98. Kh2 Re2 {Precision: White = 39%, Black = 48%.} 0-1

[Event "CZE-ch Open 2018"]
[Site "Ostrava"]
[Date "2018.04.28"]
[Round "1"]
[White "Skalsky, Alexandr"]
[Black "Velicka, Petr"]
[Result "0-1"]
[WhiteElo "2207"]
[BlackElo "2412"]
[Annotator "TA"]
[PlyCount "82"]
[EventDate "2018.??.??"]
[EventCountry "CZE"]
[SourceTitle "playchess.com"]
[Source "ChessBase"]
[SourceQuality "1"]

{[%evp 14,82,45,13,12,13,13,11,16,-8,-14,-4,8,8,12,6,10,14,15,14,27,20,23,18,26,17,27,32,51,0,0,0,0,0,0,0,0,-17,-17,-17,-17,-17,-20,-27,0,-34,-29,-24,-24,-27,-29,-201,-214,-341,-320,-324,-244,-258,-249,-217,-232,-299,-301,-815,-802,-729,-625,-993,-958,-905,-890]} 1. e4 Nf6 {[%cal Bg8f6,Bf6d5,Bd5b6][%mdl 32]} 2. e5 Nd5 3. d4 d6 4. Nf3 Bg4 5. Be2 e6 6. h3 Bh5 7. c4 Nb6 8. Nc3 {LiveBook: 17 Games. B05: Alekhine's Defence: 4 Nf3 Bg4} (8. exd6 cxd6 9. Nc3 Be7 10. d5 e5 11. g4 Bg6 12. h4 h5 13. gxh5 Bxh5 14. c5 N6d7 15. cxd6 Bxd6 16. Ng5 Nf6 17. Bxh5 Nxh5 18. Qf3 Nf4 19. Bxf4 exf4 20. O-O-O Nd7 21. Rhe1+ Kf8 22. Ne6+ {1-0 (22) Robson,R (2680)-Yermolinsky,A (2515) Saint Louis 2015}) 8... dxe5 9. Nxe5 Bxe2 10. Nxe2 {The position is equal.} N8d7 11. b3 $146 (11. Nxd7 {is more complex.} Qxd7 12. b3 Bb4+ 13. Bd2 Bxd2+ 14. Qxd2 O-O 15. Rd1) ({Predecessor:} 11. Qb3 Nxe5 12. dxe5 Qd7 13. Be3 Qa4 14. Qxa4+ Nxa4 15. O-O-O Bc5 {½-½ (28) Morona Minguez,I (1983)-Blasco de la Cruz,L (2002) Madrid 2014}) 11... Nxe5 12. dxe5 Qxd1+ (12... Bb4+ {looks sharper.} 13. Bd2 a5 14. Qc2 Bxd2+ 15. Qxd2 a4) 13. Kxd1 Nd7 14. f4 h5 15. Kc2 h4 16. Rf1 g6 17. Nc3 a6 18. Ne4 Be7 19. Be3 O-O-O 20. Rad1 Nb8 21. Bc5 ({White should try} 21. Rxd8+ $14 Rxd8 22. Rd1) 21... Bxc5 $11 22. Nxc5 Nc6 23. Kc3 Rxd1 24. Rxd1 {[%mdl 4096] Endgame KRN-KRN} Rh5 25. Ne4 Rf5 26. Rf1 {[#] g4 is the strong threat.} g5 $1 {[%cal Rg5f4]} 27. Nxg5 Nxe5 $1 28. Kd4 Ng6 29. Ke4 Kd7 30. Ke3 $1 Ke7 31. Rf2 $1 Nxf4 32. Ne4 $2 {[#]} (32. Nxf7 $11 {and White is okay.} Nxg2+ 33. Rxg2 Rxf7 34. Ke2) 32... e5 $1 $19 33. Nc5 (33. Rd2 $142) 33... Rg5 34. Nxb7 Nxg2+ 35. Ke4 Nf4 36. Nc5 a5 (36... Nxh3 37. Rh2 $15) 37. a4 f6 {[%cal Bf7f6,Bf6f5][%mdl 32]} ({Less strong is} 37... Nxh3 38. Rh2 $17) 38. Nb7 $2 (38. Rd2 Kf7 39. b4 axb4 40. a5) 38... f5+ {Black is clearly winning.} 39. Ke3 Nxh3 40. Rh2 Rg3+ 41. Kd2 Ng5 {Precision: White = 37%, Black = 82%.} 0-1

[Event "CZE-ch Open 2018"]
[Site "Ostrava"]
[Date "2018.04.28"]
[Round "1"]
[White "Bartos, Jan"]
[Black "Bures, Jaroslav"]
[Result "1/2-1/2"]
[WhiteElo "2198"]
[BlackElo "2407"]
[Annotator "TA"]
[PlyCount "35"]
[EventDate "2018.??.??"]
[EventCountry "CZE"]
[SourceTitle "playchess.com"]
[Source "ChessBase"]
[SourceQuality "1"]

{[%evp 21,35,76,83,56,61,55,54,54,66,54,61,40,63,44,123,98]} 1. d4 Nf6 2. Nf3 d6 3. c4 Bg4 4. Nc3 c6 5. e4 Nbd7 6. Be2 e5 7. Be3 Be7 8. O-O O-O 9. d5 c5 10. Nd2 Bxe2 11. Qxe2 Ne8 {LiveBook: 3 Games. A53: Old Indian Defence without Nf3} 12. a3 Bg5 13. b4 Bxe3 {White is slightly better.} 14. Qxe3 Nc7 $146 ({Predecessor:} 14... cxb4 15. axb4 a5 {½-½ (15) Djokic,N (2342)-Ivanov,M (2396) Kragujevac 2015}) 15. Nb3 {[%cal Rb4c5]} b6 16. bxc5 bxc5 17. Rfb1 Qc8 ({Black should play} 17... Ne8 $14) 18. Qh3 1/2-1/2

[Event "CZE-ch Open 2018"]
[Site "Ostrava"]
[Date "2018.04.28"]
[Round "1"]
[White "Vystrcil, Martin"]
[Black "Vokac, Marek"]
[Result "1/2-1/2"]
[WhiteElo "2146"]
[BlackElo "2390"]
[Annotator "TA"]
[PlyCount "120"]
[EventDate "2018.??.??"]
[EventCountry "CZE"]
[SourceTitle "playchess.com"]
[Source "ChessBase"]
[SourceQuality "1"]

{[%evp 15,120,6,32,0,24,0,14,0,0,-16,9,0,7,0,77,57,76,-25,-23,-59,-68,-66,-54,-63,-68,-71,-50,-53,-55,-61,-16,-37,0,0,22,15,20,2,31,0,0,0,0,-9,-9,-9,-9,-9,-9,-4,0,0,0,-8,-8,-13,0,-8,-4,-12,0,-3,0,-18,-8,-21,-2,-17,0,0,0,0,0,0,0,0,0,0,0,0,0,0,0,0,0,0,0,0,0,0,0,0,8,0,0,0,0,0,0,0,0,0,0,0,0,0,29989]} 1. e4 c5 2. Nf3 Nc6 3. d4 cxd4 4. Nxd4 Qb6 5. Nb3 Nf6 6. Nc3 e6 7. Be3 Qc7 8. f3 a6 {LiveBook: 5 Games. B33: Sicilian: Pelikan and Sveshnikov Variations} (8... Bb4 9. a3 Bxc3+ 10. bxc3 d5 11. Bd3 dxe4 12. fxe4 Ne5 13. Bd4 O-O 14. O-O Neg4 15. e5 Nxe5 16. Rxf6 Nxd3 17. Qxd3 {0-1 (45) Valantiejus,V (2174)-Naiditsch,A (2687) Tallinn 2016}) 9. Be2 b5 10. a3 Be7 11. O-O O-O 12. Qe1 Re8 13. f4 d6 14. Qg3 $146 ({Predecessor:} 14. g4 Bb7 15. Bf3 Bf8 16. Rd1 Rab8 17. Rf2 Ba8 18. Rg2 b4 19. axb4 Nxb4 20. g5 Nd7 {0-1 (32) Osmer,J-Bruemmel,A (2180) Germany 1995}) 14... b4 (14... Rb8 $11) 15. axb4 $16 Nxb4 {[#]} 16. Bd3 (16. e5 $1 $16 {[%cal Re5f6]} dxe5 17. fxe5 Nxc2 18. Nb5 (18. exf6 Qxg3 19. hxg3 Bxf6 $15)) 16... Rb8 17. Bd4 Nxd3 18. Qxd3 e5 19. fxe5 dxe5 20. Qg3 Bd8 21. Be3 Ng4 22. Bd2 Qa7+ 23. Kh1 Bb6 {[#] And now ...Nf2+ would win.} 24. h3 Ne3 25. Bxe3 Bxe3 26. Nd5 Bf4 $1 {[%cal Rf4g3]} 27. Nxf4 (27. Qd3 {seems wilder.} Bb7 28. c4 f5 29. Rf3 Bxd5 30. Qxd5+ Qf7 31. exf5 Qxd5 32. cxd5 Rb5 33. d6) 27... exf4 {The position is equal.} 28. Qxf4 Be6 29. Qf2 (29. Ra5 {keeps more tension.} Qb6 30. Rfa1 Bxb3 31. Rxa6 Qb4 32. cxb3 Rxe4 33. Qf3) 29... Qxf2 30. Rxf2 Bxb3 31. cxb3 Rxe4 32. Rxa6 $11 {[%mdl 4096] Endgame KRR-KRR} h5 33. Ra7 f6 34. Rc2 Rxb3 35. Kh2 h4 (35... Rb5 {is interesting.} 36. Rc3 Rg5 37. Rb7 h4 38. Rc2 Kh7) 36. Rc3 Rxc3 37. bxc3 {KR-KR} Rc4 38. Ra3 Kf7 39. Rb3 Ke6 40. Kg1 g5 41. Kf2 Kd5 42. Ke3 Kc5 43. Ra3 Rf4 44. Ra5+ Kd6 45. Ra6+ Ke5 46. Ra5+ Ke6 47. Ra6+ Kf5 48. Ra5+ Kg6 49. Ra8 Rf1 50. Ra2 Rc1 51. Kd2 Rg1 52. Ke3 f5 53. Rc2 g4 54. hxg4 fxg4 55. c4 h3 56. gxh3 gxh3 57. Rh2 Rg3+ 58. Kf4 Rc3 59. Kg4 Kf6 60. Rxh3 Ke5 $2 {[%mdl 40960] Precision: White = 57%, Black = 43%. . An unexpected result.} (60... Rxc4+ $11 61. Kf3 Kg5) 1/2-1/2

[Event "CZE-ch Open 2018"]
[Site "Ostrava"]
[Date "2018.04.28"]
[Round "1"]
[White "Riha, Vojtech"]
[Black "Jasny, Stanislav"]
[Result "1-0"]
[WhiteElo "2141"]
[BlackElo "2379"]
[Annotator "TA"]
[PlyCount "81"]
[EventDate "2018.??.??"]
[EventCountry "CZE"]
[SourceTitle "playchess.com"]
[Source "ChessBase"]
[SourceQuality "1"]

{[%evp 22,81,-8,-5,10,-29,-28,-41,-16,-12,-9,-16,-7,0,37,41,42,38,36,11,233,150,172,163,143,143,156,116,433,427,411,411,492,436,493,489,466,373,662,648,643,632,629,581,666,683,666,652,864,854,830,825,1170,1074,1387,1357,1367,1310,1375,1323,1111,1090]} 1. e4 d6 2. d4 Nf6 3. Nc3 g6 4. f4 Bg7 5. Nf3 O-O 6. Bd3 Nc6 7. O-O e5 8. d5 Ne7 9. fxe5 dxe5 10. Kh1 {B09: Pirc Defence: Austrian Attack} c6 11. Nxe5 cxd5 12. Bg5 {LiveBook: 3 Games. The position is equal.} Qd6 13. Bf4 Qc5 14. Nf3 $146 {[%cal Be5f3,Bf3g5,Bg5f7][%mdl 32]} ({Predecessor:} 14. Qe1 Nh5 15. b4 Qb6 16. exd5 Nxf4 17. Rxf4 Qc7 18. Re4 Bf5 {0-1 (45) Bartel,M (2361)-Demchenko,A (2629) Minsk 2017}) 14... dxe4 15. Nxe4 Nxe4 16. Bxe4 Qb4 ({Stronger than} 16... Bxb2 17. Bd6 $16) 17. Ng5 Qb6 18. Bd6 Bg4 $1 {[%cal Rg4d1]} 19. Qxg4 Qxd6 20. Rad1 Qa6 $2 (20... Qe5 $11) 21. Qh3 $40 {[%csl Gg5][%cal Rh3h7][%mdl 128] White attacks with force.} h6 {[#]} 22. Nxf7 $1 {[%mdl 512]} Rxf7 23. Rxf7 Kxf7 {[#]} 24. Qb3+ $1 Kf8 $2 {[%mdl 8192]} (24... Qe6 $16) 25. Bxb7 $18 Qe2 {[%cal Re2d1]} 26. Bf3 Qxd1+ 27. Bxd1 {Qf3+ is the strong threat.} Rd8 {[%cal Rd8d1]} 28. Be2 Bf6 29. Qe3 Bg5 $2 (29... Kg7 30. g3 Nc6) 30. Qf2+ {White is clearly winning.} Kg7 31. h4 Bf6 32. Qxa7 Bxh4 {[#]} 33. g3 $1 Bf6 (33... Bxg3 34. Qxe7+) 34. Bd3 h5 35. a4 {[%cal Ba2a4,Ba4a5,Ba5a6,Ba6a7][%mdl 32]} h4 36. a5 Rd4 37. a6 hxg3 38. Qc7 Rh4+ 39. Kg2 Kh6 40. Qxg3 Rh5 41. a7 {Precision: White = 90%, Black = 36%.} 1-0

[Event "CZE-ch Open 2018"]
[Site "Ostrava"]
[Date "2018.04.28"]
[Round "1"]
[White "Jelinek, Michal"]
[Black "Simek, Petr"]
[Result "0-1"]
[WhiteElo "2134"]
[BlackElo "2378"]
[Annotator "TA"]
[PlyCount "82"]
[EventDate "2018.??.??"]
[EventCountry "CZE"]
[SourceTitle "playchess.com"]
[Source "ChessBase"]
[SourceQuality "1"]

{[%evp 17,82,33,33,23,34,24,41,-143,-139,-131,-151,-314,-191,-334,-183,-177,-162,-114,-77,-143,-79,-72,-73,-74,-73,-62,-54,-67,-67,-58,-53,-67,-62,-54,0,0,0,-4,-10,-3,0,0,0,0,11,5,8,8,13,0,0,0,8,-14,0,0,0,0,0,-531,-531,-151,-88,-222,-108,-679,-105]} 1. d4 Nf6 2. c4 e6 3. Nc3 Bb4 4. Qc2 d5 5. cxd5 exd5 6. Bg5 {[%cal Bc1g5,Bg5h4,Bh4g3,Bg3e5][%mdl 32]} c5 7. dxc5 h6 8. Bh4 g5 9. Bg3 Ne4 10. e3 {E35: Nimzo-Indian: Classical: 4...d5 5 cxd5 exd5} Qa5 {[%cal Re4c3]} 11. Be5 O-O 12. f3 $146 (12. Bd3 $1 $14 {was the only good move.}) ({Predecessor:} 12. Bd3 Nc6 13. Bxe4 Nxe5 14. Bxd5 Bf5 15. Qxf5 Bxc3+ 16. Kf1 Rfd8 17. Rd1 Qxc5 {½-½ (60) Vidit,S (2642)-Yu,Y (2747) Gibraltar 2016}) 12... Nc6 $17 13. fxe4 {Hoping for Bd6.} Nxe5 14. exd5 $2 (14. a3 $17 {was worth a try.}) 14... Qxc5 {White must now prevent ...Ng4.} 15. O-O-O {[#]} (15. Qd2 $142) 15... Bg4 (15... Qxe3+ $2 16. Kb1 $17) (15... Ng4 $142 $1 16. Qd2 Rd8) 16. Rd4 $19 Rac8 17. Nge2 Rfd8 (17... Nc4 {looks sharper.} 18. Qb3 Rfe8 19. Ng3 Bxc3 20. bxc3 Nxe3 21. Kd2 Qd6) 18. h4 {[#]} ({White should play} 18. Kb1) 18... Bxe2 (18... Nc4 $142 $1 {[%cal Rc4e3]} 19. Qb3 Bxc3 20. Nxc3 Nxe3) 19. Bxe2 $17 Bxc3 20. bxc3 Qxc3 21. Qxc3 Rxc3+ 22. Kd2 Ra3 $1 {[%cal Ra3a2]} 23. Ra1 Rd6 24. hxg5 hxg5 25. Bd1 Ra5 (25... Rb6 $15) 26. Bb3 $11 Rc5 27. Rc1 Rxc1 28. Kxc1 {[%mdl 4096] Endgame KRB-KRN} Kg7 29. Kd2 Kf6 30. Kc3 b6 31. Rd1 Ke7 32. Kd4 Nd7 33. e4 Rf6 34. Re1 Rf4 35. Re3 (35. g3 $5 {[%cal Rg3f4]} Rf3 36. e5 $11) 35... f5 36. Bc2 Kd6 37. Rh3 fxe4 38. Bxe4 $2 {[%mdl 8192]} (38. g3 $11 {and White stays safe.} Rf1 39. Rh6+ Rf6 40. Rh7) 38... Nf6 $19 39. Re3 Nxd5 (39... b5 $142 40. g3 Rxe4+ 41. Rxe4 Nxe4 42. Kxe4 g4) 40. Rd3 (40. Rf3 $17) 40... Nf6 (40... Ke6 $19 {...Nf6 is the strong threat.} 41. Rf3 Rg4) 41. Rg3 $2 {[%mdl 8192]} (41. Ke3+ $17 Ke5 42. Bf3) 41... Nd7 $2 {Precision: White = 38%, Black = 39%.} (41... Rxe4+ $19 {and Black stays clearly on top.} 42. Kd3 g4) 0-1